Statistics for American Currency Quiz

Click here to take the quiz!

General Stats

  • This quiz has been taken 143 times
  • The average score is 26 of 35

Answer Stats

HintAnswer% Correct
ArgentinaArgentine Peso
100%
CanadaCanadian Dollar
97%
ChileChilean Peso
97%
ColombiaColombian Peso
97%
BahamasBahamian Dollar
95%
BarbadosBarbadian Dollar
92%
BelizeBelize Dollar
92%
CubaCuban Peso
90%
Antigua and BarbudaEast Caribben Dollar
87%
JamaicaJamaican Dollar
85%
MexicoMexican Peso
85%
Dominican RepublicDominican Peso
82%
GrenadaEast Caribben Dollar
82%
DominicaEast Caribben Dollar
82%
EcuadorUnited States Dollar
82%
El SalvadorUnited States Dollar, Bitcoin
82%
UruguayUruguayan Peso
82%
Saint LuciaEast Caribben Dollar
79%
Saint Vincent and GrenadineEast Caribben Dollar
79%
Saint Kitts and NevisEast Caribben Dollar
79%
GuyanaGuyanese Dollar
79%
Trinidad and TobagoTrinidad and Tobago Dollar
79%
United States of AmericaUnited States Dollar
79%
BrazilBrazilian Real
74%
SurinameSurinamese Dollar
74%
PanamaPanamian Balboa, United States Dollar
72%
BoliviaBolivian Boliviano
62%
Costa RicaCosta Rica Colon
62%
VenezuelaVenezuelan Bolivar
56%
PerùPeruvian Sol
51%
GuatemalaGuatemalan Quetzal
49%
ParaguayParaguayan Guaranì
46%
NicaraguaNicaraguan Cordoba
44%
HondurasHonduran Lempira
36%
HaitiHaitian Gourde
33%

Score Distribution

Percentile by Number Answered

Percent of People with Each Score

Your Score History

You have not taken this quiz